[SPIŠIAKOVÁ, M. VARELA CANO, D. P., TUŽINSKÁ, S., PAVLIKOVÁ, Ž. 2020. Španielsky jazyk pre ekonómov, diplomatov a mediátorov 1. Brno: Tribun. ISBN 978-80-263- 1578-0. SPIŠIAKOVÁ, M. VARELA CANO, D. P., TUŽINSKÁ, S., PAVLIKOVÁ, Ž. 2020. Španielsky jazyk pre ekonómov, diplomatov a mediátorov 2. Brno: Tribun. ISBN 978-80-263- 1579-7.]

Recenzia na publikácie Španielsky jazyk pre ekonómov, diplomatov a mediátorov 1 a Španielsky jazyk pre ekonómov, diplomatov a mediátorov 2.

Enregistré dans:
Détails bibliographiques
Auteur principal: Mocková, Nina, 1987-
Format: Chapitre de livre
Langue:slovaque
Sujets:
Tags: Ajouter un tag
Pas de tags, Soyez le premier à ajouter un tag!

MARC

LEADER 00000naa a2200000 4500
001 0281093
005 20240502074352.1
041 0 |a slo 
044 |a SK 
245 1 0 |a [SPIŠIAKOVÁ, M. VARELA CANO, D. P., TUŽINSKÁ, S., PAVLIKOVÁ, Ž. 2020. Španielsky jazyk pre ekonómov, diplomatov a mediátorov 1. Brno: Tribun. ISBN 978-80-263- 1578-0. SPIŠIAKOVÁ, M. VARELA CANO, D. P., TUŽINSKÁ, S., PAVLIKOVÁ, Ž. 2020. Španielsky jazyk pre ekonómov, diplomatov a mediátorov 2. Brno: Tribun. ISBN 978-80-263- 1579-7.]  |c Nina Mocková 
520 |a Recenzia na publikácie Španielsky jazyk pre ekonómov, diplomatov a mediátorov 1 a Španielsky jazyk pre ekonómov, diplomatov a mediátorov 2. 
610 2 0 |a recenzie 
610 2 0 |a španielčina 
610 2 0 |a jazyky cudzie 
610 2 0 |a učebnice 
100 1 |a Mocková, Nina, 1987-